| 000 | 00914nam a2200217 i 4500 | ||
|---|---|---|---|
| 999 |
_c7704 _d7704 |
||
| 003 | OSt | ||
| 005 | 20230405114634.0 | ||
| 008 | 210705s2019 sp ad r 000 0 spa d | ||
| 017 | _aB.20075-2013 | ||
| 040 |
_cCDMR _bcat |
||
| 245 | 0 | 0 |
_a¿Periodistas contra el racismo? _bla prensa española ante el pueblo gitano : 2021 / _c[dirección, Juan de Dios Ramírez Heredia] |
| 260 |
_aBarcelona : _bCentro de Producción Editorial y Divulgación Audiovisual, _c[2020] |
||
| 300 |
_a112 p. : _bil., gràf. ; _c30 cm |
||
| 650 | 0 |
_aÈtica periodística _9983 _vManuals d'estil |
|
| 650 | 0 |
_aGitanos _94693 _xCobertura periodística _zEspanya |
|
| 650 | 0 |
_aPeriodisme--Manuals d'estil _93772 |
|
| 700 | 1 |
_aRamírez-Heredia, Juan de Dios _93811 |
|
| 710 | 2 |
_9830 _aUnión Romaní |
|
| 856 |
_uhttps://unionromani.org/wp-content/uploads/2022/10/Periodistas-contra-el-racismo-2021-1.pdf _zAccés en línia |
||
| 942 |
_2udc _cMON |
||